|
|
|
|
| LEADER |
00687nab a2200181 i 4500 |
| 001 |
univ2344 |
| 005 |
20171214090709.0 |
| 008 |
170606s1975 hu o 0|| hun d |
| 040 |
|
|
|a SZTE UnivHistória Repozitórium
|b hun
|
| 041 |
|
|
|a hun
|
| 100 |
1 |
|
|a Dobozi Eszter
|
| 245 |
1 |
0 |
|a Finnország után; próba közben
|h [elektronikus dokumentum] :
|b üvegestánc - vastapsért /
|c Dobozi Eszter
|
| 260 |
|
|
|c 1975
|
| 300 |
|
|
|a 8-10
|
| 490 |
0 |
|
|a Magunk : a JATE Móra Ferenc Kollégiumának időszakosan megjelenő lapja
|v 21
|
| 561 |
|
|
|a Egyetemi, hallgatói élet
|
| 695 |
|
|
|a Társadalomtudomány, Művelődés
|
| 856 |
4 |
0 |
|u http://univ.bibl.u-szeged.hu/2344/1/magunk_021_008-010.pdf
|z Dokumentum-elérés
|